Benham's Economics (Record no. 462)

MARC details
005 - DATE AND TIME OF LATEST TRANSACTION
control field 20250627061222.0
082 ## - DEWEY DECIMAL CLASSIFICATION NUMBER
Classification number 330 PAI
100 ## - MAIN ENTRY--PERSONAL NAME
Author name PAISH, F. W.
245 ## - TITLE STATEMENT
Title Benham's Economics
250 ## - EDITION STATEMENT
Edition statement 7th Ed.
260 ## - PUBLICATION, DISTRIBUTION, ETC.
Place of publication, distribution, etc. New York,
Name of publisher, distributor, etc. Pitman,
Date of publication, distribution, etc. 1963.
300 ## - PHYSICAL DESCRIPTION
Extent xvi, 576p.
Other physical details Index.
Dimensions 21cm.
942 ## - ADDED ENTRY ELEMENTS (KOHA)
Source of classification or shelving scheme Dewey Decimal Classification
Koha item type Books
Holdings
Date last seen Total checkouts Full call number Barcode Cost, replacement price Price effective from Koha item type Lost status Source of classification or shelving scheme Damaged status Not for loan Withdrawn status Home library Current library Shelving location Date acquired Cost, normal purchase price
03/12/2025   330 PAI 0000001813 30000.00 03/12/2025 Books   Dewey Decimal Classification       College of Business Education Main Library College of Business Education Main Library General Collection 03/12/2025 10000.00